[Event "MFR_HT_2015 Nürnberg"]
[Site "?"]
[Date "2015.03.31"]
[Round "1.1"]
[White "Kroneder, Christian"]
[Black "Heimrath, Reiner"]
[Result "0-1"]
[WhiteElo "2067"]
[BlackElo "2277"]
[PlyCount "78"]
[EventDate "2015.??.??"]
[WhiteTeam "SK Schwanstetten"]
[BlackTeam "SC Noris-Tarrasch Nürnberg"]

1. e4 d6 2. d4 Nf6 3. Nc3 e5 4. Nf3 Nbd7 5. Bc4 Be7 6. O-O O-O 7. Qe2 c6 8. a4
a5 9. Be3 Qc7 10. Ng5 h6 11. Nf3 Re8 12. Nh4 Nf8 13. f4 exd4 14. Bxd4 Ne6 15.
Be3 d5 16. exd5 cxd5 17. Bxd5 Bc5 18. Kh1 Nf8 19. Rf3 Bg4 20. Qc4 Bxf3 21. Bxc5
Bxd5 22. Nxd5 Nxd5 23. Qxd5 Qxf4 24. Nf5 Qe5 25. Rd1 Qxd5 26. Rxd5 Rad8 27. Nd6
Re2 28. h3 Rxc2 29. Bb6 Rd7 30. Bxa5 Rxb2 31. Bc3 Rb1+ 32. Kh2 Ng6 33. a5 Rb3
34. Be1 Ne7 35. Rd2 Nc6 36. Rd5 Ne7 37. Rd2 f6 38. Bg3 Nf5 39. Bf4 Nxd6 0-1

[Event "MFR_HT_2015 Nürnberg"]
[Site "?"]
[Date "2015.03.31"]
[Round "1.2"]
[White "Martin, Thomas"]
[Black "Auburger, Philipp"]
[Result "1-0"]
[WhiteElo "2282"]
[BlackElo "1978"]
[PlyCount "89"]
[EventDate "2015.??.??"]
[WhiteTeam "SC Noris-Tarrasch Nürnberg"]
[BlackTeam "SC Forchheim"]

1. Nf3 Nf6 2. g3 d5 3. Bg2 g6 4. O-O Bg7 5. d3 c5 6. Nc3 Nc6 7. a3 O-O 8. Rb1
b6 9. b4 Ng4 10. Bd2 cxb4 11. axb4 Bb7 12. b5 Nce5 13. Nd4 Rc8 14. e3 Nf6 15.
Na2 a5 16. bxa6 Bxa6 17. Rb3 Ned7 18. Qb1 e5 19. Nb5 Nc5 20. Rb4 e4 21. Bc3 Re8
22. Rd1 exd3 23. cxd3 h5 24. h3 Bxb5 25. Rxb5 h4 26. g4 Re6 27. Bd4 Ne8 28. Nc3
Rd6 29. Bxg7 Nxg7 30. d4 Nce6 31. Nxd5 f5 32. Nxb6 Rxb6 33. Rxb6 fxg4 34. Qb3
Qf6 35. d5 Rc3 36. Qb2 gxh3 37. Bxh3 Qf3 38. Bxe6+ Nxe6 39. Rxe6 Qxd1+ 40. Kh2
Qxd5 41. Qb8+ Kg7 42. Re7+ Kf6 43. Qf8+ Kg5 44. Qf4+ Kh5 45. Rh7# 1-0

[Event "MFR_HT_2015 Nürnberg"]
[Site "?"]
[Date "2015.03.31"]
[Round "1.3"]
[White "Ulusoy, Tolga"]
[Black "Miller, Eduard"]
[Result "1/2-1/2"]
[WhiteElo "2048"]
[BlackElo "2157"]
[PlyCount "40"]
[EventDate "2015.??.??"]
[WhiteTeam "SC Noris-Tarrasch Nürnberg"]
[BlackTeam "SC Erlangen"]

1. e4 e6 2. d4 d5 3. Nc3 Bb4 4. Qg4 Nf6 5. Qxg7 Rg8 6. Qh6 dxe4 7. Nge2 Nc6 8.
Bg5 Rg6 9. Qh4 e5 10. O-O-O exd4 11. Nxe4 Be7 12. Nxf6+ Bxf6 13. Bxf6 Qxf6 14.
Qxf6 Rxf6 15. Nxd4 Nxd4 16. Rxd4 Rxf2 17. Bb5+ Ke7 18. Re1+ Be6 19. Rd2 Rxd2
20. Kxd2 Rd8+ 1/2-1/2

[Event "MFR_HT_2015 Nürnberg"]
[Site "?"]
[Date "2015.03.31"]
[Round "1.4"]
[White "Liepold, Stefan"]
[Black "Brenner, Christian"]
[Result "1/2-1/2"]
[WhiteElo "2231"]
[BlackElo "2049"]
[PlyCount "76"]
[EventDate "2015.??.??"]
[WhiteTeam "SC Erlangen"]
[BlackTeam "Zabo-Eintracht Nürnberg"]

1. e4 e5 2. Nf3 Nc6 3. Bb5 a6 4. Ba4 Nf6 5. O-O Be7 6. Re1 b5 7. Bb3 d6 8. c3
O-O 9. h3 h6 10. d4 Re8 11. Nbd2 Bf8 12. Bc2 Bd7 13. Nf1 g6 14. Ng3 Bg7 15. Be3
Qb8 16. Qd2 Kh7 17. Rad1 a5 18. d5 Nd8 19. Nh2 Nb7 20. f4 a4 21. Nf3 Qd8 22.
Rf1 Qe7 23. Rf2 Rf8 24. Rdf1 c5 25. fxe5 dxe5 26. Nh2 Ra6 27. Rf3 Be8 28. R3f2
Bd7 29. Bd1 Rc8 30. Bg4 Rd8 31. Bxd7 Rxd7 32. Qe2 c4 33. Ng4 Rdd6 34. a3 h5 35.
Nxf6+ Rxf6 36. Bg5 Rxf2 37. Bxe7 Rxe2 38. Nxe2 Kg8 1/2-1/2

[Event "MFR_HT_2015 Nürnberg"]
[Site "?"]
[Date "2015.03.31"]
[Round "1.5"]
[White "Link, Andreas"]
[Black "Hirn, Oskar"]
[Result "0-1"]
[WhiteElo "1983"]
[BlackElo "2218"]
[PlyCount "48"]
[EventDate "2015.??.??"]
[WhiteTeam "Zabo-Eintracht Nürnberg"]
[BlackTeam "SC Noris-Tarrasch Nürnberg"]

1. e4 d6 2. d4 Nf6 3. Nc3 g6 4. f3 Bg7 5. Be3 Nbd7 6. Bc4 c6 7. Bb3 b5 8. a3
O-O 9. Nge2 a6 10. O-O c5 11. a4 b4 12. Nd5 Nxd5 13. Bxd5 Rb8 14. c3 Qc7 15.
dxc5 Nxc5 16. Nd4 bxc3 17. bxc3 Bd7 18. a5 e6 19. Bc4 Nxe4 20. Bxa6 Qxc3 21.
Re1 Nc5 22. Bf1 Ba4 23. Rxa4 Nxa4 24. a6 Nb2 0-1

[Event "MFR_HT_2015 Nürnberg"]
[Site "?"]
[Date "2015.03.31"]
[Round "1.6"]
[White "Reis, Gerhard"]
[Black "Vogiatzis, Dimitrios"]
[Result "1-0"]
[WhiteElo "2182"]
[BlackElo "2086"]
[PlyCount "61"]
[EventDate "2015.??.??"]
[WhiteTeam "SW Nürnberg Süd"]
[BlackTeam "SC Noris-Tarrasch Nürnberg"]

1. Nf3 d5 2. d4 e6 3. c4 c6 4. Qc2 f5 5. g3 Nf6 6. Bg2 Be7 7. O-O O-O 8. Nbd2
Ne4 9. Ne5 Nd7 10. Ndf3 Bd6 11. Bf4 Nxe5 12. Bxe5 Bd7 13. Bxd6 Nxd6 14. Ne5 Nf7
15. Nd3 Qf6 16. e3 h5 17. b4 h4 18. b5 Rac8 19. Nc5 Be8 20. bxc6 Bxc6 21. cxd5
Bxd5 22. Bxd5 exd5 23. Qb3 Qc6 24. Qxb7 hxg3 25. hxg3 Qh6 26. Qxd5 Rc6 27. Qh1
Qd6 28. Rab1 Nh6 29. Rb7 f4 30. exf4 Qg6 31. Nd7 1-0

[Event "MFR_HT_2015 Nürnberg"]
[Site "?"]
[Date "2015.03.31"]
[Round "1.7"]
[White "Konsek, Peter"]
[Black "Kotz, Reinhard"]
[Result "1/2-1/2"]
[WhiteElo "2089"]
[BlackElo "2163"]
[PlyCount "80"]
[EventDate "2015.??.??"]
[WhiteTeam "SW Nürnberg Süd"]
[BlackTeam "SV Puschendorf"]

1. e4 Nf6 2. e5 Nd5 3. d4 d6 4. c4 Nb6 5. exd6 exd6 6. Bd3 Nc6 7. Ne2 g6 8.
Nbc3 Bg7 9. Be3 O-O 10. b3 Re8 11. O-O Ne7 12. Bg5 f6 13. Bh4 Nf5 14. Bxf5 Bxf5
15. f3 g5 16. Bf2 c6 17. d5 c5 18. Qd2 a6 19. Ng3 Bg6 20. Nge4 f5 21. Ng3 Nd7
22. Rae1 Qf6 23. Rc1 Ne5 24. Be3 Nf7 25. f4 Rxe3 26. Qxe3 gxf4 27. Rxf4 Qg5 28.
Nce2 Be5 29. h4 Qh6 30. h5 Bxh5 31. Nxf5 Qg5 32. Rcf1 Bxe2 33. Qxe2 Bxf4 34.
Qe6 Rf8 35. Rxf4 Qxf4 36. Qf6 Qc1+ 37. Kh2 Qf4+ 38. Kg1 Qc1+ 39. Kh2 Qf4+ 40.
Kg1 Qc1+ 1/2-1/2

[Event "MFR_HT_2015 Nürnberg"]
[Site "?"]
[Date "2015.03.31"]
[Round "1.8"]
[White "Seibold, Hubert"]
[Black "Planner, Jörg"]
[Result "1-0"]
[WhiteElo "2168"]
[BlackElo "1847"]
[PlyCount "173"]
[EventDate "2015.??.??"]
[WhiteTeam "SK Zirndorf"]
[BlackTeam "SC Heilsbronn"]

1. Nf3 Nf6 2. g3 d5 3. Bg2 c5 4. O-O Nc6 5. d3 e6 6. Nbd2 Be7 7. e4 O-O 8. Re1
Qb6 9. b3 Rd8 10. Bb2 Qc7 11. Qe2 b5 12. exd5 Nxd5 13. Ne4 b4 14. Ned2 Bf6 15.
Bxf6 Nxf6 16. Nc4 Bb7 17. Nfe5 Nd4 18. Qd1 Nd5 19. Qd2 Nc3 20. Re3 Bxg2 21.
Kxg2 f6 22. Nf3 Qc6 23. a3 a5 24. g4 Nxf3 25. Rxf3 Ne4 26. Qe3 Ng5 27. a4 Rd4
28. Kg3 Nxf3 29. Qxf3 Qxf3+ 30. Kxf3 Kf7 31. Kg3 e5 32. f3 g6 33. Re1 h5 34. g5
Re8 35. gxf6 Kxf6 36. Nxa5 g5 37. Nc4 g4 38. Nd2 Kg5 39. Ne4+ Rxe4 40. Rxe4
gxf3 41. Kxf3 Kf5 42. Rh4 Rf8 43. Ke3 Rh8 44. Rc4 Rc8 45. a5 Ke6 46. Rh4 Kd5
47. Rxh5 Ra8 48. Rh4 Rxa5 49. Rc4 Ra1 50. h4 Rf1 51. Ke2 Rf5 52. Rg4 Ke6 53.
Rg6+ Kd5 54. Ke3 Rh5 55. Rg4 Rf5 56. Rg5 Rf1 57. h5 Rh1 58. Kf3 Kd4 59. Kg2 Rh4
60. Kg3 Rh1 61. Rg4+ Ke3 62. Rh4 Rg1+ 63. Kh2 Kf2 64. Re4 Rg5 65. Kh3 Rxh5+ 66.
Kg4 Rh8 67. Rxe5 Rg8+ 68. Kf4 Rf8+ 69. Ke4 Ke2 70. Rxc5 Kd2 71. d4 Re8+ 72. Kd5
Re3 73. Rc4 Rh3 74. Rxb4 Kxc2 75. Rb8 Rh4 76. Kc5 Rh5+ 77. d5 Kc3 78. Kc6 Kd4
79. d6 Rc5+ 80. Kb6 Rd5 81. Kc7 Rc5+ 82. Kd7 Rh5 83. b4 Rh7+ 84. Kc6 Rh5 85. d7
Rh6+ 86. Kc7 Rh7 87. Kc8 1-0

[Event "MFR_HT_2015 Nürnberg"]
[Site "?"]
[Date "2015.03.31"]
[Round "1.9"]
[White "Schlötterer, Hermann"]
[Black "Wagner, Florian"]
[Result "0-1"]
[WhiteElo "1911"]
[BlackElo "2145"]
[PlyCount "40"]
[EventDate "2015.??.??"]
[WhiteTeam "Zabo-Eintracht Nürnberg"]
[BlackTeam "SC Noris-Tarrasch Nürnberg"]

1. Nf3 f5 2. e4 fxe4 3. Ng5 e5 4. d4 exd4 5. Qxd4 d5 6. Be2 Nf6 7. Bf4 h6 8.
Nc3 hxg5 9. Bxg5 c6 10. O-O-O Nbd7 11. Bg4 Qb6 12. Bf5 Qxd4 13. Bg6+ Kd8 14.
Rxd4 Bc5 15. Rdd1 Bxf2 16. Nxe4 dxe4 17. Bxe4 Bh4 18. Bxh4 Rxh4 19. Bd3 Kc7 20.
g3 Rh8 0-1

[Event "MFR_HT_2015 Nürnberg"]
[Site "?"]
[Date "2015.03.31"]
[Round "1.10"]
[White "Walter, Thomas"]
[Black "Rausch, Wolfgang sr"]
[Result "1-0"]
[WhiteElo "2149"]
[BlackElo "1881"]
[PlyCount "55"]
[EventDate "2015.??.??"]
[WhiteTeam "SC Erlangen"]
[BlackTeam "SW Nürnberg Süd"]

1. e4 Nf6 2. Nc3 d6 3. d4 Nbd7 4. Nf3 e5 5. g4 Nxg4 6. Rg1 Ngf6 7. Bc4 h6 8.
Be3 c6 9. dxe5 dxe5 10. Bxf7+ Kxf7 11. Nxe5+ Kg8 12. Ng6 Qe8 13. Qd4 Kh7 14. e5
Bc5 15. Qd3 Bxe3 16. exf6 Bg5+ 17. Ne7+ g6 18. Rxg5 Nxf6 19. Qxg6+ Qxg6 20.
Rxg6 Nh5 21. O-O-O Re8 22. Rdd6 Nf4 23. Rxh6+ Kg7 24. Rh4 Rxe7 25. Rxf4 Bd7 26.
Rd3 Be8 27. Rg4+ Bg6 28. Rd6 1-0

[Event "MFR_HT_2015 Nürnberg"]
[Site "?"]
[Date "2015.03.31"]
[Round "1.11"]
[White "Böhme, Markus"]
[Black "Meulner, Klaus"]
[Result "0-1"]
[WhiteElo "1849"]
[BlackElo "2129"]
[PlyCount "86"]
[EventDate "2015.??.??"]
[WhiteTeam "SC Uttenreuth"]
[BlackTeam "SW Nürnberg Süd"]

1. c4 e5 2. g3 Nf6 3. Bg2 h6 4. Nc3 Bb4 5. Nd5 Nxd5 6. cxd5 O-O 7. e3 c6 8. Ne2
cxd5 9. Bxd5 Nc6 10. Qa4 a5 11. a3 Be7 12. d4 b5 13. Qd1 Rb8 14. O-O Bf6 15.
dxe5 Bxe5 16. f4 Bf6 17. e4 Ne7 18. Ba2 Qb6+ 19. Rf2 d6 20. Qd3 Bb7 21. Nc3 Bd4
22. Nd1 Bxf2+ 23. Nxf2 d5 24. exd5 Rbd8 25. Be3 Qa6 26. Ne4 Bxd5 27. Nc5 Qg6
28. Bb1 Qxd3 29. Bxd3 Bc4 30. Be4 Nd5 31. Bf2 Nf6 32. Bf3 a4 33. Rc1 Rd2 34.
Nxa4 Be2 35. Bxe2 Rxe2 36. Nc5 Rxb2 37. Bd4 Ra2 38. Bxf6 gxf6 39. Rb1 Re8 40.
Kf1 Ree2 41. Rxb5 Rxh2 42. Kg1 Rhc2 43. Nb3 Rab2 0-1

[Event "MFR_HT_2015 Nürnberg"]
[Site "?"]
[Date "2015.03.31"]
[Round "1.12"]
[White "Erlbeck, Peter"]
[Black "Tong, Kevin"]
[Result "1-0"]
[WhiteElo "2091"]
[BlackElo "1859"]
[PlyCount "73"]
[EventDate "2015.??.??"]
[WhiteTeam "SW Nürnberg Süd"]
[BlackTeam "SC Erlangen"]

1. e4 c5 2. Nc3 Nc6 3. f4 g6 4. Nf3 Bg7 5. Bc4 e6 6. f5 Nge7 7. fxe6 fxe6 8. d3
d5 9. Bb3 b5 10. a3 O-O 11. O-O a6 12. Qe1 c4 13. Ba2 Bb7 14. Qh4 Nd4 15. Bg5
Nxf3+ 16. gxf3 Rf7 17. Rae1 d4 18. Ne2 Rc8 19. Nf4 Qd6 20. Qg4 e5 21. Ng2 Kh8
22. f4 Rff8 23. Rf3 a5 24. Ref1 Ng8 25. Rh3 h6 26. Nh4 Kh7 27. f5 gxf5 28. Rxf5
Qe6 29. Bd2 a4 30. Rg3 Rc7 31. dxc4 bxc4 32. Bxc4 Qxc4 33. Rxf8 Bxf8 34. Qf5+
Kh8 35. Ng6+ Kg7 36. Nxf8+ Kh8 37. Qxe5+ 1-0

[Event "MFR_HT_2015 Nürnberg"]
[Site "?"]
[Date "2015.03.31"]
[Round "1.13"]
[White "Drees, Martin"]
[Black "Bachstein, Dustin"]
[Result "1-0"]
[WhiteElo "1942"]
[BlackElo "2108"]
[PlyCount "49"]
[EventDate "2015.??.??"]
[WhiteTeam "TSV Cadolzburg"]
[BlackTeam "SC Erlangen"]

1. e4 c5 2. c3 d5 3. exd5 Qxd5 4. d4 cxd4 5. cxd4 e6 6. Nf3 Bb4+ 7. Bd2 Bxd2+
8. Qxd2 Nf6 9. Nc3 Qd6 10. Rc1 Nc6 11. Nb5 Qe7 12. Bd3 a6 13. Nc3 O-O 14. O-O
Rd8 15. Rfe1 Nb4 16. Bb1 b5 17. Ne4 Bb7 18. Nxf6+ gxf6 19. Qh6 Qd7 20. Bxh7+
Kh8 21. Rc5 Bxf3 22. gxf3 Qxd4 23. Bg6+ Kg8 24. Qh7+ Kf8 25. Qxf7# 1-0

[Event "MFR_HT_2015 Nürnberg"]
[Site "?"]
[Date "2015.03.31"]
[Round "1.14"]
[White "Rausch, Wolfgang jr"]
[Black "Giering, Götz"]
[Result "1/2-1/2"]
[WhiteElo "2138"]
[BlackElo "1766"]
[PlyCount "64"]
[EventDate "2015.??.??"]
[WhiteTeam "SV Lauf"]
[BlackTeam "SV Lauf"]

1. e4 c6 2. d4 d5 3. e5 Bf5 4. Nd2 e6 5. Nb3 Nd7 6. Nf3 Qc7 7. Be3 c5 8. Nxc5
Bxc5 9. dxc5 Nxc5 10. Qd4 Nd7 11. Bd3 Ne7 12. Qa4 O-O 13. Bxf5 Nxf5 14. Bf4 Nb6
15. Qb3 Nc4 16. O-O Rac8 17. c3 h6 18. h3 Rfd8 19. Rfe1 Qe7 20. Rad1 Rc6 21.
Bc1 Qc7 22. a3 Rb6 23. Qa2 Rc8 24. b4 a5 25. g4 axb4 26. cxb4 Ne7 27. Be3 Nxe3
28. Rxe3 Qc2 29. Qxc2 Rxc2 30. Nd4 Rc4 31. b5 Ng6 32. Kh2 Nf4 1/2-1/2

[Event "MFR_HT_2015 Nürnberg"]
[Site "?"]
[Date "2015.03.31"]
[Round "1.15"]
[White "Balhar, Michael"]
[Black "Wittmann, Helmut"]
[Result "0-1"]
[WhiteElo "1779"]
[BlackElo "2103"]
[PlyCount "64"]
[EventDate "2015.??.??"]
[WhiteTeam "SC Erlangen"]
[BlackTeam "BSG Wöhrlhaus"]

1. e4 e5 2. Nf3 Nc6 3. Bc4 Nf6 4. Ng5 d5 5. exd5 Nd4 6. c3 b5 7. Bd3 Bf5 8.
Bxf5 Nxf5 9. Qf3 Nh4 10. Qg3 Ng6 11. Qd3 Qd7 12. Ne4 Nxd5 13. a3 f5 14. Ng3 e4
15. Qc2 Ndf4 16. O-O h5 17. Nxe4 Qd5 18. Re1 Be7 19. d3 Qxd3 20. Qxd3 Nxd3 21.
Rd1 fxe4 22. Nd2 Bc5 23. Nxe4 Nxf2 24. Nxf2 O-O 25. Rf1 Rxf2 26. Rxf2 Rf8 27.
Bg5 Rxf2 28. Kh1 Rxb2 29. a4 bxa4 30. h3 h4 31. Kh2 Bf2 32. Bd8 Bg3+ 0-1

[Event "MFR_HT_2015 Nürnberg"]
[Site "?"]
[Date "2015.03.31"]
[Round "2.1"]
[White "Heimrath, Reiner"]
[Black "Walter, Thomas"]
[Result "0-1"]
[WhiteElo "2277"]
[BlackElo "2149"]
[PlyCount "134"]
[EventDate "2015.??.??"]
[WhiteTeam "SC Noris-Tarrasch Nürnberg"]
[BlackTeam "SC Erlangen"]

1. e4 e5 2. Nf3 Nc6 3. Bc4 Nf6 4. d3 Bc5 5. Bb3 d6 6. c3 a6 7. h3 Ba7 8. Nbd2
O-O 9. Nf1 d5 10. Qe2 dxe4 11. dxe4 Nh5 12. Ng5 g6 13. g3 Na5 14. Bc2 Qf6 15.
Nf3 Bd7 16. b3 Bb5 17. Bd3 Bxd3 18. Qxd3 Rad8 19. Qe2 Qc6 20. Bb2 f6 21. N1d2
b5 22. O-O-O b4 23. Nb1 Nb7 24. Qc2 Qc5 25. Rhf1 Rxd1+ 26. Kxd1 Rd8+ 27. Kc1
Qb5 28. Nbd2 bxc3 29. Qxc3 Nc5 30. Qc4+ Qxc4+ 31. bxc4 Nd3+ 32. Kc2 Nxf2 33.
Ba3 Nxg3 34. Rb1 Ngxe4 35. Rb7 Bb6 36. c5 Bxc5 37. Bxc5 Nxc5 38. Rxc7 Ne6 39.
Rc6 Kf7 40. Rxa6 Rc8+ 41. Kb1 e4 42. Ra7+ Rc7 43. Rxc7+ Nxc7 44. Ng1 f5 45. Kc2
Nd5 46. Kb3 Ke6 47. Kc4 Ke5 48. a4 Nb6+ 49. Kb5 Nxa4 50. Kxa4 e3 51. Ndf3+ Kf4
52. Ne1 Kg3 53. h4 Ne4 54. Nd3 Kxh4 55. Kb3 Nf2 56. Ne5 Ng4 57. Nd3 Kg3 58. Kc3
g5 59. Kd4 h5 60. Ne2+ Kf3 61. Nec1 h4 62. Ne1+ Kg3 63. Nc2 h3 64. Ne2+ Kf2 65.
Nc1 h2 66. Nd3+ Kf1 67. Ne5 h1=Q 0-1

[Event "MFR_HT_2015 Nürnberg"]
[Site "?"]
[Date "2015.03.31"]
[Round "2.3"]
[White "Hirn, Oskar"]
[Black "Erlbeck, Peter"]
[Result "1-0"]
[WhiteElo "2218"]
[BlackElo "2091"]
[PlyCount "67"]
[EventDate "2015.??.??"]
[WhiteTeam "SC Noris-Tarrasch Nürnberg"]
[BlackTeam "SW Nürnberg Süd"]

1. Nf3 f5 2. d3 Nf6 3. e4 d6 4. Nc3 Nc6 5. Bg5 e5 6. d4 Be7 7. dxe5 Nxe4 8.
Bxe7 Qxe7 9. exd6 Nxd6+ 10. Be2 O-O 11. O-O Kh8 12. Re1 Ne4 13. Nxe4 fxe4 14.
Bd3 Bf5 15. Nd2 Rad8 16. Nxe4 Ne5 17. Qe2 Nxd3 18. cxd3 b6 19. Rac1 c5 20. Rc3
Qd7 21. h3 Qd5 22. a3 Bg6 23. f3 Be8 24. Rd1 Ba4 25. Rd2 Bb5 26. Kh1 Rfe8 27.
Qe3 h6 28. Qf4 Qd4 29. Kh2 Rf8 30. Qg3 Qe3 31. d4 cxd4 32. Rxe3 dxe3 33. Rxd8
Rxd8 34. Nd6 1-0

[Event "MFR_HT_2015 Nürnberg"]
[Site "?"]
[Date "2015.03.31"]
[Round "2.4"]
[White "Meulner, Klaus"]
[Black "Reis, Gerhard"]
[Result "0-1"]
[WhiteElo "2129"]
[BlackElo "2182"]
[PlyCount "50"]
[EventDate "2015.??.??"]
[WhiteTeam "SW Nürnberg Süd"]
[BlackTeam "SW Nürnberg Süd"]

1. d4 Nf6 2. c4 g6 3. Nc3 d5 4. Nf3 Bg7 5. Bg5 Ne4 6. Bh4 Nxc3 7. bxc3 c5 8.
cxd5 Qxd5 9. e3 Nc6 10. Be2 cxd4 11. cxd4 e5 12. O-O exd4 13. Nxd4 Nxd4 14.
exd4 O-O 15. Be7 Re8 16. Bc5 Bf5 17. g4 Rxe2 18. Qxe2 Bd7 19. Rab1 Re8 20. Qd3
b6 21. Ba3 Re4 22. h3 Bc6 23. f3 Bxd4+ 24. Kg2 Re3 25. Qd1 Rxa3 0-1

[Event "MFR_HT_2015 Nürnberg"]
[Site "?"]
[Date "2015.03.31"]
[Round "2.5"]
[White "Wittmann, Helmut"]
[Black "Seibold, Hubert"]
[Result "0-1"]
[WhiteElo "2103"]
[BlackElo "2168"]
[PlyCount "30"]
[EventDate "2015.??.??"]
[WhiteTeam "BSG Wöhrlhaus"]
[BlackTeam "SK Zirndorf"]

1. d4 d5 2. c4 c6 3. Nf3 Nf6 4. Nc3 dxc4 5. a4 Bf5 6. Ne5 Nbd7 7. Nxc4 Qc7 8.
Bg5 e5 9. Bxf6 gxf6 10. Ne3 Bg6 11. d5 Bc5 12. Qd2 Bb4 13. Rd1 Nc5 14. dxc6
bxc6 15. Nc4 O-O 0-1

[Event "MFR_HT_2015 Nürnberg"]
[Site "?"]
[Date "2015.03.31"]
[Round "2.6"]
[White "Miller, Eduard"]
[Black "Drees, Martin"]
[Result "1-0"]
[WhiteElo "2157"]
[BlackElo "1942"]
[PlyCount "101"]
[EventDate "2015.??.??"]
[WhiteTeam "SC Erlangen"]
[BlackTeam "TSV Cadolzburg"]

1. e4 e5 2. Nf3 Nc6 3. Nc3 Nf6 4. d4 exd4 5. Nxd4 Bb4 6. Bg5 h6 7. Bh4 g5 8.
Nxc6 dxc6 9. Qxd8+ Kxd8 10. O-O-O+ Bd7 11. Bg3 Bxc3 12. bxc3 Nxe4 13. Bc4 Nxc3
14. Be5 Nxd1 15. Bf6+ Kc8 16. Bxh8 Nxf2 17. Rf1 Ne4 18. Rxf7 b5 19. Bd3 Nc5 20.
Bg6 Be6 21. Rh7 Bxa2 22. Be5 Kb7 23. Rxc7+ Kb6 24. Rh7 a5 25. Rxh6 Bd5 26. g4
a4 27. Rh8 Rxh8 28. Bxh8 Bf3 29. Bd4 Bxg4 30. c3 Be6 31. Kb2 g4 32. Ka3 Kc7 33.
Bxc5 Bd5 34. Bf5 Bf3 35. Kb2 Kb7 36. Kc2 Ka6 37. Kd3 Ka5 38. Kd4 Ka6 39. Ke5
Ka5 40. Kd6 a3 41. Bb4+ Kb6 42. Bxa3 Ka5 43. Bb4+ Kb6 44. Bd7 c5 45. Bxc5+ Ka6
46. Ke5 Ka5 47. Kf4 Ka4 48. Bxg4 Bd5 49. Bb4 Kb3 50. h4 Kc4 51. Be2+ 1-0

[Event "MFR_HT_2015 Nürnberg"]
[Site "?"]
[Date "2015.03.31"]
[Round "2.7"]
[White "Giering, Götz"]
[Black "Liepold, Stefan"]
[Result "0-1"]
[WhiteElo "1766"]
[BlackElo "2231"]
[PlyCount "30"]
[EventDate "2015.??.??"]
[WhiteTeam "SV Lauf"]
[BlackTeam "SC Erlangen"]

1. d4 Nf6 2. Nf3 g6 3. Bf4 Bg7 4. Qc1 O-O 5. Bh6 d5 6. Bxg7 Kxg7 7. Nbd2 c5 8.
c3 cxd4 9. cxd4 Nc6 10. e3 Bf5 11. Nh4 Bd7 12. Be2 Rc8 13. Qb1 Nb4 14. Bd3 Rc1+
15. Qxc1 Nxd3+ 0-1

[Event "MFR_HT_2015 Nürnberg"]
[Site "?"]
[Date "2015.03.31"]
[Round "2.8"]
[White "Kotz, Reinhard"]
[Black "Ulusoy, Tolga"]
[Result "0-1"]
[WhiteElo "2163"]
[BlackElo "2048"]
[PlyCount "114"]
[EventDate "2015.??.??"]
[WhiteTeam "SV Puschendorf"]
[BlackTeam "SC Noris-Tarrasch Nürnberg"]

1. f4 g6 2. Nf3 Bg7 3. g3 Nf6 4. Bg2 O-O 5. O-O d6 6. d3 c5 7. e4 Nc6 8. Nc3 e5
9. h3 exf4 10. gxf4 d5 11. e5 Nh5 12. Nh2 Ng3 13. Nxd5 Nxf1 14. Qxf1 Be6 15. c4
Ne7 16. Qf3 Nf5 17. Be3 Rc8 18. Bf2 h5 19. Nf1 f6 20. exf6 Bxf6 21. Re1 Nd4 22.
Qg3 Bf5 23. Be4 Qd7 24. Nfe3 Kh7 25. Nxf6+ Rxf6 26. Nd5 Rf7 27. Bxf5 Nxf5 28.
Qg5 Rc6 29. Re4 b6 30. Kg2 Re6 31. b3 Kg7 32. Be1 Qe8 33. Bc3+ Nd4 34. Rxd4
cxd4 35. Bxd4+ Kh7 36. Be5 Rf5 37. Qg3 Rexe5 38. fxe5 Qxe5 39. Qxe5 Rxe5 40.
Kf3 g5 41. d4 Re1 42. Nc3 Kg6 43. c5 bxc5 44. dxc5 Rc1 45. Na4 Kf5 46. b4 Ke5
47. b5 Kd5 48. b6 axb6 49. Nxb6+ Kc6 50. a4 Rc3+ 51. Kg2 Rxc5 52. a5 Rxa5 53.
Nc4 Rc5 54. Ne3 Kd6 55. Nf1 Rc2+ 56. Kg3 Ke5 57. Nh2 h4+ 0-1

[Event "MFR_HT_2015 Nürnberg"]
[Site "?"]
[Date "2015.03.31"]
[Round "2.9"]
[White "Brenner, Christian"]
[Black "Rausch, Wolfgang jr"]
[Result "0-1"]
[WhiteElo "2049"]
[BlackElo "2138"]
[PlyCount "94"]
[EventDate "2015.??.??"]
[WhiteTeam "Zabo-Eintracht Nürnberg"]
[BlackTeam "SV Lauf"]

1. e4 c6 2. d4 d5 3. e5 c5 4. dxc5 Nc6 5. Bb5 e6 6. Qg4 Nge7 7. Nf3 Bd7 8. Nc3
h5 9. Qg5 d4 10. Bxc6 Bxc6 11. Ne2 Bxf3 12. gxf3 Qa5+ 13. Qd2 Qxc5 14. Qxd4
Qxc2 15. Qe4 Qxe4 16. fxe4 Nc6 17. f4 Bc5 18. Bd2 O-O-O 19. Rc1 Bf2+ 20. Kxf2
Rxd2 21. b4 Kb8 22. Rhd1 Rhd8 23. Rxd2 Rxd2 24. Ke3 Rxa2 25. b5 Ra3+ 26. Kf2
Nb4 27. Rc3 Nd3+ 28. Ke3 Rxc3 29. Nxc3 Nc5 30. Kd4 Nd7 31. Kc4 Kc7 32. Ne2 g5
33. Kd4 g4 34. f5 Kb6 35. fxe6 fxe6 36. Nf4 Nf8 37. Nxh5 Kxb5 38. Nf6 a5 39.
Nxg4 a4 40. h4 Kb4 41. Ne3 b5 42. h5 Kb3 43. Kd3 a3 44. Nc2 a2 45. Na1+ Kb2 46.
Nc2 b4 47. h6 b3 0-1

[Event "MFR_HT_2015 Nürnberg"]
[Site "?"]
[Date "2015.03.31"]
[Round "2.10"]
[White "Bachstein, Dustin"]
[Black "Konsek, Peter"]
[Result "1-0"]
[WhiteElo "2108"]
[BlackElo "2089"]
[PlyCount "83"]
[EventDate "2015.??.??"]
[WhiteTeam "SC Erlangen"]
[BlackTeam "SW Nürnberg Süd"]

1. e4 d6 2. d4 Nf6 3. Nc3 g6 4. f4 Bg7 5. Nf3 O-O 6. e5 dxe5 7. fxe5 Nd5 8. Bc4
Nxc3 9. bxc3 c5 10. Be3 Qa5 11. Qd2 cxd4 12. cxd4 Qxd2+ 13. Bxd2 Nc6 14. O-O
Bf5 15. c3 Na5 16. Be2 Rac8 17. Bg5 f6 18. exf6 exf6 19. Bd2 Nc4 20. Bxc4+ Rxc4
21. Rae1 Kf7 22. g4 Ra4 23. gxf5 g5 24. Ra1 Rd8 25. Ne1 Bf8 26. Nc2 Bd6 27. h3
h5 28. Rfb1 b6 29. Rb5 h4 30. Kg2 Re8 31. Kf3 Bg3 32. Rd5 Re7 33. Nb4 Ra3 34.
Nc6 Rc7 35. Nd8+ Ke7 36. Ne6 Rc8 37. Ng7 Bf4 38. Re1+ Kf7 39. Rd7+ Kg8 40. Bxf4
gxf4 41. Kxf4 Raxc3 42. Nh5 1-0

[Event "MFR_HT_2015 Nürnberg"]
[Site "?"]
[Date "2015.03.31"]
[Round "2.11"]
[White "Rausch, Wolfgang sr"]
[Black "Kroneder, Christian"]
[Result "1/2-1/2"]
[WhiteElo "1881"]
[BlackElo "2067"]
[PlyCount "86"]
[EventDate "2015.??.??"]
[WhiteTeam "SW Nürnberg Süd"]
[BlackTeam "SK Schwanstetten"]

1. Nf3 Nf6 2. g3 g6 3. Bg2 Bg7 4. c4 O-O 5. O-O d6 6. d4 Nbd7 7. Nc3 c6 8. Qc2
e5 9. dxe5 dxe5 10. e4 Qc7 11. b4 Re8 12. a3 Nf8 13. h3 Be6 14. Na4 Rad8 15.
Bb2 N6d7 16. Ng5 h6 17. Nxe6 Nxe6 18. Rad1 a5 19. Bc3 axb4 20. axb4 b5 21. Nb2
c5 22. bxc5 Qxc5 23. Rd5 Qa7 24. cxb5 Nc7 25. b6 Nxb6 26. Ra5 Qb7 27. Qb3 Rb8
28. Rfa1 Qc6 29. R1a3 Bf8 30. Bb4 Nd7 31. Nd3 Bxb4 32. Nxb4 Qb6 33. Qd1 Qxb4
34. Qxd7 Nb5 35. Ra1 Red8 36. Qc6 Nd4 37. Qf6 Rd6 38. Qh4 Nb3 39. R5a4 Qc3 40.
Rf1 Nd2 41. Rfa1 Nb3 42. Rf1 Nd2 43. Rfa1 Nb3 1/2-1/2

[Event "MFR_HT_2015 Nürnberg"]
[Site "?"]
[Date "2015.03.31"]
[Round "2.12"]
[White "Auburger, Philipp"]
[Black "Schlötterer, Hermann"]
[Result "1-0"]
[WhiteElo "1978"]
[BlackElo "1911"]
[PlyCount "73"]
[EventDate "2015.??.??"]
[WhiteTeam "SC Forchheim"]
[BlackTeam "Zabo-Eintracht Nürnberg"]

1. e4 d5 2. exd5 Qxd5 3. Nc3 Qd6 4. d4 Nf6 5. Nf3 Bg4 6. h3 Bh5 7. Be3 a6 8. g4
Bg6 9. Ne5 e6 10. Bg2 c6 11. Qd2 Qb4 12. O-O-O Qa5 13. Nc4 Qd8 14. a3 Be7 15.
Ne5 Nd5 16. f4 Nd7 17. Bxd5 cxd5 18. Nxg6 hxg6 19. f5 Nb6 20. fxe6 Nc4 21. Qf2
O-O 22. h4 Rc8 23. Rd3 fxe6 24. Qe2 Bxa3 25. bxa3 Nxa3 26. Kd1 Qb6 27. Bc1 Nc4
28. g5 Qc6 29. h5 e5 30. hxg6 Rf4 31. Qh5 Kf8 32. Qh8+ Ke7 33. Qxg7+ Kd6 34.
Bxf4 Nb2+ 35. Ke2 Nxd3 36. Bxe5+ Nxe5 37. Qxe5+ 1-0

[Event "MFR_HT_2015 Nürnberg"]
[Site "?"]
[Date "2015.03.31"]
[Round "2.13"]
[White "Tong, Kevin"]
[Black "Link, Andreas"]
[Result "1-0"]
[WhiteElo "1859"]
[BlackElo "1983"]
[PlyCount "73"]
[EventDate "2015.??.??"]
[WhiteTeam "SC Erlangen"]
[BlackTeam "Zabo-Eintracht Nürnberg"]

1. e4 c5 2. Nf3 d6 3. d4 cxd4 4. Nxd4 Nf6 5. Nc3 g6 6. Be3 Bg7 7. f3 O-O 8. Qd2
Nc6 9. Bc4 Bd7 10. g4 Rc8 11. Bb3 Ne5 12. h4 h5 13. gxh5 Nxh5 14. O-O-O Nc4 15.
Bxc4 Rxc4 16. Nd5 b5 17. Rdg1 e6 18. Nc3 Qa5 19. Kb1 b4 20. Nce2 Rfc8 21. Rg5
Qc7 22. Rhg1 Rc5 23. Ng3 Nxg3 24. R1xg3 e5 25. Nf5 Bxf5 26. Bxc5 Be6 27. Bxb4
Qc4 28. b3 Qf1+ 29. Kb2 Kh7 30. h5 Bh6 31. hxg6+ fxg6 32. Qh2 Qd1 33. Rg1 Qd4+
34. c3 Qe3 35. Rxg6 a5 36. Rxe6 axb4 37. Rxh6+ 1-0